و ا لد ين کے حقو ق ا و ر صلہ ر حمی (Record no. 174341)

MARC details
000 -LEADER
fixed length control field 00730nam a22001937a 4500
005 - DATE AND TIME OF LATEST TRANSACTION
control field 20200609140006.0
010 ## - LCCN (DPL NO)
LC control number UR-10784
020 ## - INTERNATIONAL STANDARD BOOK NUMBER
Terms of availability 28.00
International Standard Book Number -
035 ## - SYSTEM CONTROL NUMBER
System control number U-9338
037 ## - SOURCE OF ACQUISITION
Source of stock number/acquisition DBAD/PUB
Stock number 8180881792
082 ## - DEWEY DECIMAL CLASSIFICATION NUMBER
Classification number 270
100 ## - MAIN ENTRY--PERSONAL NAME
Personal name لطف اللہ قا د ر ی فلا حی
245 ## - TITLE STATEMENT
Title و ا لد ين کے حقو ق ا و ر صلہ ر حمی
Statement of responsibility, etc لطف اللہ قا د ر ی فلا حی
246 ## - VARYING FORM OF TITLE
Remainder of title Waldain Ke Huqooq Aur Silarahmi (Urdu)
Title proper/short title by Lutfullah Qadiri Falahi
260 ## - PUBLICATION, DISTRIBUTION, ETC. (IMPRINT)
Place of publication, distribution, etc N.Delhi
Name of publisher, distributor, etc Markazi Maktaba Islami Publishers
Date of publication, distribution, etc 2013 ء
270 ## - ADDRESS
Address D-307,Dawat Ngr. Abulfazal Enclave,Jamia Nagar,
City N.D.
Postal code 25
Telephone number 26971652
Fax number -
300 ## - PHYSICAL DESCRIPTION
Extent 72 ص
Dimensions 22 Cm(Hb)
942 ## - ADDED ENTRY ELEMENTS (KOHA)
Source of classification or shelving scheme Dewey Decimal Classification
Item type Urdu Bks
Classification part 270
Call number suffix ق ا د
Holdings
Withdrawn status Lost status Not for loan Collection code Home library Current library Date acquired Source of acquisition Cost, normal purchase price Full call number Barcode Copy number Cost, replacement price Koha item type
      Non-fiction Central Library Central Library 09/06/2020 DBAD/PUB 28.00 270 ق ا د U-9339 1 28.00 Urdu Bks

© Delhi Public Library
Hit Counter
free hit counter